000 nam a22 a 4500
999 _c2989
_d2989
005 20170519084129.0
008 170519b1970 ||||| |||| 00| 0 eng d
020 _a0136411266
040 _aAKMAL
082 _a658 SCH
090 _a658
_bSCH
100 _aSchein, E. H.
_96251
245 _aOrganisational psychology.
250 _a2nd ed.
260 _a[S.l.]
_bPrentice-Hall
_c1970.
300 _ccm
599 _aDALAM PROSES
942 _2ddc
_cBOOK